50 Scottish Musical Acts by Songs - Statistics

General Stats
  • This quiz has been taken 202 times
  • The average score is 15 of 50
Answer Stats
Songs Artist/Band % Correct
I'm Gonna Be (500 Miles), I'm On My Way, Sunshine On Leith The Proclaimers
88%
Walking On Broken Glass, No More "I Love You's", I Put A Spell On You Annie Lennox
73%
Don't You (Forget About Me), Alive And Kicking, Belfast Child Simple Minds
66%
Take Me Out, No You Girls, Do You Want To Franz Ferdinand
61%
Baker Street, Right Down The Line, Get It Right Next Time Gerry Rafferty
61%
Bye, Bye, Baby, Saturday Night, Money Honey Bay City Rollers
58%
To Sir With Love, Shout, I'm A Tiger Lulu
56%
Love Is All Around, Sweet Little Mystery, Goodnight Girl Wet Wet Wet
56%
In A Big Country, Look Away, Fields of Fire (400 Miles) Big Country
54%
Sing, Why Does It Always Rain On Me?, Closer Travis
53%
Someone You Loved, Before You Go, Bruises Lewis Capaldi
52%
Stuck In The Middle With You, Late Again, Star Stealers Wheel
49%
Mellow Yellow, Atlantis, Hurdy Gurdy Man Donovan
46%
Say What You Want, Summer Son, Inner Smile Texas
45%
Acceptable In The 80s, Summer, This Is What You Came For Calvin Harris
44%
Chelsea Dagger, Henrietta, Whistle For The Choir The Fratellis
42%
Dignity, Real Gone Kid, Chocolate Girl Deacon Blue
41%
Suddenly I See, Black Horse and the Cherry Tree, Other Side Of The World KT Tunstall
41%
This Is The Life, Mr Rock & Roll, Slow It Down Amy Macdonald
37%
Love Hurts, Dream On, Hair Of The Dog Nazareth
31%
Roll To Me, Nothing Ever Happens, Tell Her This Del Amitri
29%
Movin' On Up, Rocks, Loaded Primal Scream
29%
Last Request, New Shoes, Candy Paolo Nutini
27%
Many Of Horror, Black Chandelier, Bubbles Biffy Clyro
26%
If I Was, No Regrets, Breathe Midge Ure
24%
Pick Up The Pieces, Let's Go Round Again, Cut The Cake Average White Band
22%
The Boy With The Arab Strap, Another Sunny Day, Legal Man Belle and Sebastian
22%
Cherry-Coloured Funk, Heaven Or Las Vegas, Pearly-Dewdrops' Drops Cocteau Twins
22%
Just Like Honey, April Skies, Head On The Jesus and Mary Chain
21%
Japanese Boy, Little Lady, Ooh Shooby Doo Doo Lang Aneka
20%
Flower Of Scotland, The Skye Boat Song, Will Ye Go Lassie Go The Corries
20%
Canter, Sun Queen, Belter Gerry Cinnamon
19%
A Girl Like You, The Magic Piper (Of Love), The Campaign For Real Rock Edwyn Collins
18%
The Mother We Share, Leave A Trace, Miracle Chvrches
16%
Same Jeans, Superstar Tradesman, Wasted Little DJs The View
16%
Geraldine, Daddy's Gone, It's My Own Cheating Heart That Makes Me Cry Glasvegas
15%
Tinseltown In The Rain, Let's Go Out Tonight, The Downtown Lights The Blue Nile
10%
Roygbiv, Dayvan Cowboy, Everything You Do Is A Balloon Boards of Canada
8%
(Feels Like) Heaven, Ghost Of Love, Panic Fiction Factory
8%
Drop The Pressure, In My Arms, Destroy Rock & Roll Mylo
7%
Heart And Soul, Crash Land, Free Twin Atlantic
7%
The Woodpile, Keep Yourself Warm, Swim Until You Can't See Land Frightened Rabbit
5%
Take Me Somewhere Nice, Kids Will Be Skeletons, Hungry Face Mogwai
5%
Everytime We Touch, To France, Wait Maggie Reilly
3%
The Best You Had, Is It Really Me You're Missing, Somebody Special Nina Nesbitt
3%
Dry The Rain, Squares, Inner Meet Me The Beta Band
3%
Quiet Little Voices, It's Thunder And It's Lightning, Peaks and Troughs We Were Promised Jetpacks
3%
Shame, I Heard, In My View Young Fathers
3%
Higher Ground, Chimes, Play N Go Hudson Mohawke
1%
Retrospect, Calm, 15 Years Vistas
1%
No matching quizzes found
Score Distribution
Percent of People with Each Score
Percentile by Number Answered
Your Score History
You have not taken this quiz